[Event "Rheinland Pfalz Seniors op"]
[Site "Altenkirchen"]
[Date "2023.09.09"]
[Round "5"]
[White "Haase, Reinhard"]
[Black "Bachmann, Rolf"]
[Result "1-0"]
[WhiteElo "2064"]
[BlackElo "1849"]
[PlyCount "49"]
[EventDate "2023.09.05"]
[EventType "swiss"]
[EventRounds "9"]
[EventCountry "GER"]
[SourceTitle "EXT 2024"]
[Source "ChessBase"]
[SourceDate "2023.10.10"]
[SourceVersion "1"]
[SourceVersionDate "2023.10.10"]
[SourceQuality "1"]

1. d4 d5 2. c4 c6 3. Nc3 Nf6 4. cxd5 Nxd5 5. Nf3 g6 6. e4 Nxc3 7. bxc3 Bg7 8. Be3 0-0 9. Qd2 Nd7 10. h4 Nf6 11. Bd3 Qa5 12. Ne5 Ng4 13. Nxg4 Bxg4 14. f3 Be6 15. h5 f5 16. hxg6 hxg6 17. exf5 gxf5 18. Bh6 f4 19. Bxg7 Kxg7 20. Rh7+ Kg8 21. Kf2 Qg5 22. Rah1 Bf5 23. Bxf5 Qxf5 24. R7h5 Qg6 25. R1h4 1-0

[Event "Altenkirchen Seniors op 19th"]
[Site "Altenkirchen"]
[Date "2022.07.27"]
[Round "9"]
[White "Wegemund, Hubert"]
[Black "Haase, Reinhard"]
[Result "1/2-1/2"]
[WhiteElo "1834"]
[BlackElo "2144"]
[PlyCount "47"]
[EventDate "2022.07.19"]
[EventType "swiss"]
[EventRounds "9"]
[EventCountry "GER"]
[SourceTitle "EXT 2023"]
[Source "ChessBase"]
[SourceDate "2022.10.05"]
[SourceVersion "1"]
[SourceVersionDate "2022.10.05"]
[SourceQuality "1"]

1. e4 d5 2. exd5 Nf6 3. d4 Nxd5 4. Nf3 Bg4 5. Be2 e6 6. 0-0 Be7 7. h3 Bxf3 8. Bxf3 c6 9. c4 Nb6 10. b3 0-0 11. Bb2 Bf6 12. c5 Nd5 13. Nd2 Na6 14. Ne4 g6 15. Qd2 Bg7 16. Rac1 Nac7 17. Nd6 Rb8 18. b4 Qh4 19. Rcd1 e5 20. a3 exd4 21. Bxd4 Bxd4 22. Qxd4 Qxd4 23. Rxd4 a6 24. g3 1/2-1/2

[Event "Altenkirchen Seniors op 19th"]
[Site "Altenkirchen"]
[Date "2022.07.24"]
[Round "6"]
[White "Haase, Reinhard"]
[Black "Hesse, Rutger"]
[Result "0-1"]
[WhiteElo "2144"]
[BlackElo "1896"]
[PlyCount "90"]
[EventDate "2022.07.19"]
[EventType "swiss"]
[EventRounds "9"]
[EventCountry "GER"]
[SourceTitle "CBM 209 Extra"]
[Source "ChessBase"]
[SourceDate "2022.09.30"]
[SourceVersion "1"]
[SourceVersionDate "2022.09.30"]
[SourceQuality "1"]

1. d4 d5 2. c4 e6 3. Nc3 Bb4 4. cxd5 exd5 5. Nf3 Nc6 6. Bf4 Nf6 7. e3 a6 8. Bd3 Bg4 9. Qb3 Nh5 10. Bg3 0-0 11. Ne5 Nxe5 12. Bxe5 Bxc3+ 13. Qxc3 c6 14. b4 f6 15. Bg3 Nxg3 16. hxg3 h6 17. 0-0 Qd7 18. a4 Bf5 19. Bxf5 Qxf5 20. Rab1 Qd7 21. b5 cxb5 22. axb5 Rfc8 23. Qa5 Qc7 24. Qxc7 Rxc7 25. bxa6 bxa6 26. Rfc1 Rxc1+ 27. Rxc1 Kf7 28. Kf1 Ke6 29. Ke2 h5 30. Kd3 Kd6 31. Ra1 a5 32. Kc3 Ke6 33. Kb3 Rb8+ 34. Ka3 Rb4 35. Ra2 Rc4 36. Rb2 Kf5 37. Rb5 Ke4 38. Rxa5 Rc2 39. f3+ Kxe3 40. Rxd5 Rxg2 41. Rxh5 Kxd4 42. Rh4+ Ke3 43. Rg4 g5 44. f4 Kf3 45. fxg5 Kxg4 0-1

[Event "RLP Seniors op 17th"]
[Site "Neustadt an der Weinstrasse"]
[Date "2019.07.27"]
[Round "8"]
[White "Thronicke, Klaus Peter"]
[Black "Haase, Reinhard"]
[Result "0-1"]
[WhiteElo "1930"]
[BlackElo "2115"]
[PlyCount "98"]
[EventDate "2019.07.20"]
[EventType "swiss"]
[EventRounds "9"]
[EventCountry "GER"]
[SourceTitle "CBM 192 Extra"]
[Source "Chessbase"]
[SourceDate "2019.11.06"]
[SourceVersion "1"]
[SourceVersionDate "2019.11.06"]
[SourceQuality "1"]

1. d4 d5 2. c4 e6 3. Nc3 c5 4. Nf3 cxd4 5. Nxd4 Nf6 6. e3 Nc6 7. cxd5 exd5 8. Qa4 Bd7 9. Bb5 Qc7 10. Qb3 Bd6 11. h3 0-0 12. 0-0 Rad8 13. Qd1 Qc8 14. Qf3 Bb8 15. Bxc6 bxc6 16. Nde2 Ng4 17. Nf4 Ne5 18. Qg3 Bf5 19. Nce2 Nd3 20. Qf3 Be4 21. Qg3 Rd6 22. f3 Rg6 23. Qh2 Bf5 24. g4 Bd7 25. Qg2 Nxf4 26. Nxf4 Bxf4 27. exf4 h5 28. Qe2 Re8 29. Qd1 hxg4 30. hxg4 Bxg4 31. fxg4 Rxg4+ 32. Kf2 Rh4 33. Rh1 Rxh1 34. Qxh1 Qe6 35. Qf1 Qg4 36. Bd2 Qh4+ 37. Kf3 Qh5+ 38. Kf2 Qh2+ 39. Kf3 Qxd2 40. Rd1 Re3+ 41. Kg4 Qxb2 42. Re1 Rxe1 43. Qxe1 Qg2+ 44. Kh4 Qe4 45. Qf2 d4 46. Kg4 d3 47. Qh4 Qe6+ 48. Kf3 Qe2+ 49. Kg3 Qe1+ 0-1

[Event "Rheinland Pfalz op Seniors 16th"]
[Site "Neustadt an der Weinstrasse"]
[Date "2018.07.14"]
[Round "8"]
[White "Haase, Reinhard"]
[Black "Klaus, Rainer"]
[Result "1-0"]
[WhiteElo "2133"]
[BlackElo "1898"]
[PlyCount "131"]
[EventDate "2018.07.07"]
[EventType "swiss"]
[EventRounds "9"]
[EventCountry "GER"]
[SourceTitle "EXT 2019"]
[Source "ChessBase"]
[SourceDate "2018.10.10"]
[SourceVersion "1"]
[SourceVersionDate "2018.10.10"]
[SourceQuality "1"]

1. d4 d5 2. c4 e6 3. cxd5 exd5 4. Nc3 Nf6 5. Bg5 c6 6. e3 Bd6 7. Bd3 0-0 8. Qc2 h6 9. Bh4 Re8 10. Nf3 Bg4 11. Bg3 a6 12. Ne5 Qe7 13. 0-0 Nbd7 14. f4 Nf8 15. f5 Bh5 16. Rae1 N6d7 17. Nxd7 Bxg3 18. Nf6+ Qxf6 19. hxg3 Bg4 20. Qf2 Rad8 21. b4 Nh7 22. Qf4 h5 23. Na4 Re7 24. Nc5 Ng5 25. Bc2 Rde8 26. a4 Kh8 27. Bd3 Kg8 28. b5 axb5 29. axb5 b6 30. Na6 cxb5 31. Nc7 Rd8 32. Nxb5 Ne4 33. Bxe4 Rxe4 34. Qf2 Rde8 35. Nc3 b5 36. Nxe4 Rxe4 37. Rb1 Qe7 38. Rfe1 b4 39. Rb3 Qg5 40. Rxb4 Bxf5 41. Rb8+ Kh7 42. Rf1 Be6 43. Rb3 Rg4 44. e4 Rxe4 45. Re1 Bf5 46. Rxe4 Bxe4 47. Qxf7 Qc1+ 48. Kh2 Qd1 49. Rb2 Qg4 50. Qf4 Qg6 51. Rb7 Qg4 52. Qxg4 hxg4 53. Kg1 Kh6 54. Re7 g6 55. Kf2 Kg5 56. Re5+ Kf6 57. Re8 Kf5 58. Re7 g5 59. Re8 Kg6 60. Re6+ Kf5 61. Rd6 Bxg2 62. Kxg2 Ke4 63. Kf2 Kxd4 64. Rg6 Kd3 65. Rxg5 d4 66. Rxg4 1-0

[Event "Rheinland Pfalz op Seniors 16th"]
[Site "Neustadt an der Weinstrasse"]
[Date "2018.07.12"]
[Round "6"]
[White "Haase, Reinhard"]
[Black "Walther, Reinhard"]
[Result "1/2-1/2"]
[WhiteElo "2133"]
[BlackElo "2039"]
[PlyCount "31"]
[EventDate "2018.07.07"]
[EventType "swiss"]
[EventRounds "9"]
[EventCountry "GER"]
[SourceTitle "EXT 2019"]
[Source "ChessBase"]
[SourceDate "2018.10.10"]
[SourceVersion "1"]
[SourceVersionDate "2018.10.10"]
[SourceQuality "1"]

1. d4 c5 2. e3 e6 3. Nf3 Nf6 4. Bd3 Nc6 5. 0-0 Be7 6. c4 Qb6 7. dxc5 Qxc5 8. a3 Ne5 9. b4 Nxf3+ 10. Qxf3 Qc6 11. Nd2 Qxf3 12. Nxf3 b6 13. Bb2 Bb7 14. Rfc1 d6 15. Nd4 0-0 16. f3 1/2-1/2

[Event "Rheinland Pfalz op Seniors 15th"]
[Site "Neustadt an der Weinstrasse"]
[Date "2017.07.16"]
[Round "2"]
[White "Haase, Reinhard"]
[Black "Klaus, Rainer"]
[Result "1/2-1/2"]
[WhiteElo "2123"]
[BlackElo "1895"]
[PlyCount "49"]
[EventDate "2017.07.15"]
[EventType "swiss"]
[EventRounds "9"]
[EventCountry "GER"]
[SourceTitle "EXT 2018"]
[Source "ChessBase"]
[SourceDate "2017.10.13"]
[SourceVersion "1"]
[SourceVersionDate "2017.10.13"]
[SourceQuality "1"]

1. d4 e6 2. c4 d5 3. Nc3 Nf6 4. cxd5 exd5 5. Bg5 c6 6. e3 Bd6 7. Bd3 h6 8. Bh4 Nbd7 9. Nf3 a6 10. 0-0 0-0 11. e4 dxe4 12. Bxe4 Be7 13. Bc2 Re8 14. Re1 Nf8 15. Qd3 Be6 16. Rad1 Nd5 17. Bxe7 Rxe7 18. a3 Qc7 19. Ne5 Rae8 20. Nxd5 Bxd5 21. Re3 Qd6 22. Rg3 f6 23. Nf3 Qe6 24. h3 Qe2 25. Qf5 1/2-1/2

[Event "Rheinland Pfalz op Seniors 14th"]
[Site "Neustadt an der Weinstrasse"]
[Date "2016.07.24"]
[Round "9"]
[White "Haase, Reinhard"]
[Black "Mueller, Rudolf"]
[Result "0-1"]
[WhiteElo "2114"]
[BlackElo "2100"]
[PlyCount "84"]
[EventDate "2016.07.16"]
[EventType "swiss"]
[EventRounds "9"]
[EventCountry "GER"]
[SourceTitle "EXT 2019"]
[Source "ChessBase"]
[SourceDate "2018.10.10"]
[SourceVersion "1"]
[SourceVersionDate "2018.10.10"]
[SourceQuality "1"]

1. d4 e6 2. g3 d5 3. Bg2 b6 4. c4 Nf6 5. Nc3 Bb7 6. cxd5 exd5 7. Nf3 Be7 8. 0-0 0-0 9. b3 Nbd7 10. Bb2 Re8 11. Rc1 Ne4 12. e3 Rc8 13. Nxe4 dxe4 14. Nd2 Bf6 15. Nc4 Bd5 16. Qe2 b5 17. Na3 c6 18. Nb1 b4 19. Nd2 Qa5 20. Rc2 Ra8 21. Ba1 Qc7 22. Nc4 a5 23. Nb2 Nf8 24. Rfc1 Ne6 25. h4 Kh8 26. Na4 g5 27. hxg5 Nxg5 28. Qh5 Rg8 29. Rc5 Rad8 30. Kf1 Qb7 31. Kg1 Rg6 32. Rxa5 Rdg8 33. Nc5 Qc7 34. Ra6 Nf3+ 35. Bxf3 Rxg3+ 36. Kh1 exf3 37. Qh2 R8g4 38. e4 Rg2 39. e5 Rxh2+ 40. Kxh2 Rg2+ 41. Kh1 Qc8 42. e6 fxe6 0-1

[Event "Hessen-ch Seniors op 12th"]
[Site "Bad Sooden-Allendorf"]
[Date "2016.05.08"]
[Round "8"]
[White "Geisensetter, Franz"]
[Black "Haase, Reinhard"]
[Result "1-0"]
[WhiteElo "2057"]
[BlackElo "2127"]
[PlyCount "81"]
[EventDate "2016.04.30"]
[EventType "swiss"]
[EventRounds "9"]
[EventCountry "GER"]
[SourceTitle "EXT 2019"]
[Source "ChessBase"]
[SourceDate "2018.10.10"]
[SourceVersion "1"]
[SourceVersionDate "2018.10.10"]
[SourceQuality "1"]

1. e4 d5 2. exd5 Nf6 3. Bb5+ Bd7 4. Bc4 Bg4 5. f3 Bf5 6. Nc3 Nbd7 7. d4 Nb6 8. Bb5+ Bd7 9. Bxd7+ Qxd7 10. Nge2 Nbxd5 11. Ne4 e6 12. 0-0 Be7 13. c3 h6 14. Qb3 Qc6 15. Bd2 Nb6 16. Nxf6+ gxf6 17. Rad1 0-0-0 18. Qc2 f5 19. b3 Rdg8 20. Nf4 Bd6 21. c4 Bxf4 22. Bxf4 Rg6 23. Rf2 Rhg8 24. d5 Qc5 25. Kf1 Nd7 26. Qd2 e5 27. Be3 Qe7 28. Qe2 Qh4 29. Kg1 f4 30. Bc1 Rg5 31. b4 Nf6 32. c5 Rh5 33. g3 Rxg3+ 34. Kh1 Qh3 35. c6 Kb8 36. d6 cxd6 37. Qb5 Qc8 38. Rxd6 e4 39. Bxf4 Rg1+ 40. Kxg1 Qg8+ 41. Rg2 1-0

[Event "Hessen-ch Seniors op 12th"]
[Site "Bad Sooden-Allendorf"]
[Date "2016.05.03"]
[Round "4"]
[White "Haase, Reinhard"]
[Black "Andersen, Knut"]
[Result "1-0"]
[WhiteElo "2127"]
[BlackElo "2066"]
[PlyCount "133"]
[EventDate "2016.04.30"]
[EventType "swiss"]
[EventRounds "9"]
[EventCountry "GER"]
[SourceTitle "EXT 2019"]
[Source "ChessBase"]
[SourceDate "2018.10.10"]
[SourceVersion "1"]
[SourceVersionDate "2018.10.10"]
[SourceQuality "1"]

1. d4 d5 2. c4 c6 3. Nc3 Nf6 4. cxd5 cxd5 5. Bf4 Nc6 6. e3 e6 7. Bd3 Bd6 8. Bxd6 Qxd6 9. f4 a6 10. Nf3 b5 11. Ne5 Bd7 12. 0-0 g6 13. Nxc6 Bxc6 14. a3 0-0 15. Qb3 Ne4 16. Bxe4 dxe4 17. Rfc1 Rfc8 18. Qb4 Qd8 19. Ne2 Bd5 20. Rxc8 Rxc8 21. Rc1 Rxc1+ 22. Nxc1 Qc7 23. Qd2 a5 24. Ne2 Qc4 25. Kf2 b4 26. axb4 axb4 27. g4 f5 28. g5 Kf7 29. Qc1 Ke7 30. Qxc4 Bxc4 31. Nc1 Kd6 32. b3 Bd5 33. Na2 Bxb3 34. Nxb4 Bc4 35. Ke1 Bb5 36. Kd2 Bc4 37. Kc3 Be2 38. Na2 Kc6 39. Kb4 Bd3 40. Nc3 Kd6 41. Na4 Be2 42. Nc5 Bd1 43. Nb7+ Kc7 44. Na5 Be2 45. Kc5 Bd1 46. Nc4 Bb3 47. Nd6 Kd7 48. Nf7 Ke7 49. Ne5 Bd5 50. Nc6+ Kd7 51. Nb4 Bb3 52. d5 exd5 53. Nxd5 Ke6 54. Nb4 Ba4 55. h3 Bb3 56. Nc6 Ba2 57. Nd4+ Kd7 58. h4 Ke7 59. h5 Kf7 60. Kd6 h6 61. gxh6 gxh5 62. Nxf5 Kg6 63. Ke5 Bb1 64. Nh4+ Kxh6 65. Kf6 Bc2 66. Nf5+ Kh7 67. Kg5 1-0

[Event "Friedrichroda op 18th"]
[Site "Friedrichroda"]
[Date "2014.08.17"]
[Round "7"]
[White "Roemer, Torsten"]
[Black "Haase, Reinhard"]
[Result "1/2-1/2"]
[WhiteElo "1996"]
[BlackElo "2140"]
[PlyCount "61"]
[EventDate "2014.08.13"]
[EventType "swiss"]
[EventRounds "7"]
[EventCountry "GER"]
[SourceTitle "CBM 162 Extra"]
[Source "ChessBase"]
[SourceDate "2014.10.17"]
[SourceVersion "1"]
[SourceVersionDate "2014.10.17"]
[SourceQuality "1"]

1. d4 d5 2. c4 e6 3. Nc3 c5 4. cxd5 cxd4 5. Qxd4 Nc6 6. Qd1 exd5 7. Qxd5 Bd7 8. Bd2 Nf6 9. Qg5 h6 10. Qg3 Be6 11. e3 Bb4 12. Qxg7 Ke7 13. Be2 Qa5 14. Qg3 Rad8 15. Nf3 Rhg8 16. Qh4 Rxg2 17. Rg1 Rxg1+ 18. Nxg1 Rxd2 19. Kxd2 Bxc3+ 20. bxc3 Qa3 21. Rc1 Qxa2+ 22. Ke1 Qb2 23. Rd1 Bb3 24. Rd2 Qxc3 25. Nf3 a5 26. Nd4 Qc1+ 27. Bd1 Ne5 28. Nf5+ Ke8 29. Nd6+ Ke7 30. Nf5+ Ke8 31. Nd6+ 1/2-1/2

[Event "Friedrichroda op 18th"]
[Site "Friedrichroda"]
[Date "2014.08.15"]
[Round "4"]
[White "Haase, Reinhard"]
[Black "Just, Gabriele"]
[Result "1/2-1/2"]
[WhiteElo "2140"]
[BlackElo "1909"]
[PlyCount "96"]
[EventDate "2014.08.13"]
[EventType "swiss"]
[EventRounds "7"]
[EventCountry "GER"]
[SourceTitle "CBM 162 Extra"]
[Source "ChessBase"]
[SourceDate "2014.10.17"]
[SourceVersion "1"]
[SourceVersionDate "2014.10.17"]
[SourceQuality "1"]

1. d4 e6 2. g3 f5 3. Bg2 Nf6 4. Nf3 Be7 5. c4 d6 6. 0-0 0-0 7. b4 Qe8 8. Bb2 Nbd7 9. c5 Ne4 10. cxd6 cxd6 11. Nbd2 d5 12. b5 Bd6 13. Qb3 Qh5 14. Ba3 Bxa3 15. Qxa3 Nxd2 16. Nxd2 Qxe2 17. Qb4 Qh5 18. Rac1 f4 19. Rc7 fxg3 20. fxg3 Rxf1+ 21. Nxf1 Qg5 22. Qc3 Nb6 23. Bh3 Qf6 24. Qe3 e5 25. Bxc8 Rxc8 26. dxe5 Qe6 27. Rxb7 h6 28. Rxa7 Nc4 29. Qe2 Nxe5 30. Ra6 Qf5 31. Ra3 Rf8 32. Nd2 Kh8 33. b6 Qc8 34. Kg2 Nc4 35. Nxc4 dxc4 36. Qe4 Qc5 37. Rf3 Rxf3 38. Kxf3 Qxb6 39. Qxc4 Qf6+ 40. Kg2 Qb2+ 41. Kh3 Qa3 42. Qb3 Qf8 43. a3 Qf1+ 44. Kg4 Qe2+ 45. Kf5 Qh5+ 46. Ke6 Qxh2 47. Qb8+ Kh7 48. Qb1+ Kg8 1/2-1/2

[Event "Friedrichroda op 18th"]
[Site "Friedrichroda"]
[Date "2014.08.14"]
[Round "3"]
[White "Brouer, Pieter"]
[Black "Haase, Reinhard"]
[Result "1/2-1/2"]
[WhiteElo "2007"]
[BlackElo "2140"]
[PlyCount "35"]
[EventDate "2014.08.13"]
[EventType "swiss"]
[EventRounds "7"]
[EventCountry "GER"]
[SourceTitle "CBM 162 Extra"]
[Source "ChessBase"]
[SourceDate "2014.10.17"]
[SourceVersion "1"]
[SourceVersionDate "2014.10.17"]
[SourceQuality "1"]

1. g3 d5 2. Bg2 Nf6 3. c4 c6 4. Nf3 g6 5. b3 Bg7 6. Bb2 0-0 7. 0-0 b6 8. Qc2 Bb7 9. d4 Na6 10. Nbd2 c5 11. Rfd1 Rc8 12. dxc5 Rxc5 13. Bd4 Rc7 14. Qb2 Qa8 15. Be5 Nh5 16. Bxg7 Nxg7 17. cxd5 Bxd5 18. Rac1 1/2-1/2

[Event "Rhein Main op-A 17th"]
[Site "Bad Homburg"]
[Date "2014.06.22"]
[Round "7"]
[White "Ziese, Gerhard"]
[Black "Haase, Reinhard"]
[Result "0-1"]
[WhiteElo "1993"]
[BlackElo "2161"]
[PlyCount "78"]
[EventDate "2014.06.18"]
[EventType "swiss"]
[EventRounds "7"]
[EventCountry "GER"]
[SourceTitle "CBM 161 Extra"]
[Source "ChessBase"]
[SourceDate "2014.08.29"]
[SourceVersion "1"]
[SourceVersionDate "2014.08.29"]
[SourceQuality "1"]

1. d4 d5 2. c4 e6 3. Nf3 c6 4. e3 f5 5. Bd3 Nf6 6. 0-0 Bd6 7. Ne5 0-0 8. f4 c5 9. Nc3 Nc6 10. cxd5 exd5 11. Bb5 Ne7 12. Be2 Be6 13. Nb5 cxd4 14. Nxd6 Qxd6 15. exd4 Rac8 16. b3 Rc7 17. Bb2 Rfc8 18. Bd3 Qb6 19. Qe2 Ne4 20. Qe3 Nc6 21. Rad1 Nb4 22. Bb1 Qa6 23. Bxe4 dxe4 24. Rc1 Nd5 25. Qg3 Qxa2 26. Rxc7 Rxc7 27. Nc4 e3 28. Qg5 Kh8 29. Qd8+ Bg8 30. Ne5 Qa6 31. Rc1 Rxc1+ 32. Bxc1 Qf6 33. Qb8 h6 34. h4 Kh7 35. g3 Qa6 36. h5 Qe2 37. Qe8 Qf2+ 38. Kh1 Nxf4 39. gxf4 Bd5+ 0-1

[Event "Rhein Main op-A 17th"]
[Site "Bad Homburg"]
[Date "2014.06.18"]
[Round "1"]
[White "Eg, Karlheinz"]
[Black "Haase, Reinhard"]
[Result "0-1"]
[WhiteElo "1923"]
[BlackElo "2161"]
[PlyCount "70"]
[EventDate "2014.06.18"]
[EventType "swiss"]
[EventRounds "7"]
[EventCountry "GER"]
[SourceTitle "CBM 161 Extra"]
[Source "ChessBase"]
[SourceDate "2014.08.29"]
[SourceVersion "1"]
[SourceVersionDate "2014.08.29"]
[SourceQuality "1"]

1. e4 c5 2. Nf3 g6 3. d4 cxd4 4. Nxd4 Nc6 5. Be3 Bg7 6. Nc3 Nf6 7. Be2 0-0 8. 0-0 d5 9. exd5 Nxd5 10. Nxd5 Qxd5 11. Bf3 Qa5 12. Nxc6 bxc6 13. c3 Rb8 14. b4 Qc7 15. Rc1 Ba6 16. Re1 Bc4 17. Qa4 Bd5 18. Be2 Rfd8 19. c4 Be4 20. Qb3 a5 21. b5 cxb5 22. cxb5 Qb7 23. f3 Bd5 24. Qb1 h5 25. b6 Be5 26. Red1 h4 27. Qb5 e6 28. Rc7 Bxc7 29. bxc7 Qxc7 30. Qa4 Rb4 31. Qa3 h3 32. Bg5 Rc8 33. Bf6 Qc5+ 34. Kf1 hxg2+ 35. Kxg2 Rg4+ 0-1

[Event "Rhein Main op-A 16th"]
[Site "Bad Homburg"]
[Date "2013.06.01"]
[Round "5"]
[White "Kolker, Vladislav"]
[Black "Haase, Reinhard"]
[Result "1/2-1/2"]
[WhiteElo "2056"]
[BlackElo "2152"]
[PlyCount "139"]
[EventDate "2013.05.29"]
[EventType "swiss"]
[EventRounds "7"]
[EventCountry "GER"]
[SourceTitle "EXT 2014"]
[Source "ChessBase"]
[SourceDate "2013.11.20"]
[SourceVersion "1"]
[SourceVersionDate "2013.11.20"]
[SourceQuality "1"]

1. e4 d5 2. exd5 Nf6 3. d4 Nxd5 4. c4 Nb6 5. Nc3 e5 6. dxe5 Qxd1+ 7. Nxd1 Bb4+ 8. Nc3 Be6 9. Nf3 Nc6 10. a3 Bxc3+ 11. bxc3 Nxc4 12. Bf4 0-0-0 13. Be2 h6 14. 0-0 g5 15. Bg3 g4 16. Nd4 Nxd4 17. cxd4 Rxd4 18. Rfc1 Rhd8 19. f4 gxf3 20. gxf3 Nd2 21. Rc3 Nb3 22. Rb1 Rd2 23. Bf1 Nd4 24. Bf4 Ne2+ 25. Bxe2 Rxe2 26. Bxh6 Rg8+ 27. Kh1 Bh3 28. Bf4 Bg2+ 29. Kg1 Bxf3+ 30. Kf1 Reg2 31. Bg3 Bc6 32. Re1 Rd2 33. Rec1 Rg5 34. Ke1 Rg2 35. R1c2 Rg1+ 36. Kf2 Rd1 37. Ke2 Rd7 38. Rd2 Re7 39. Kd1 Rf5 40. Kc1 Rd7 41. Rxd7 Kxd7 42. Kd2 Ke6 43. Ke3 a5 44. Kd4 a4 45. Ke3 Rf1 46. Kd2 Rb1 47. Ke3 Rb3 48. Rxb3 axb3 49. Kd2 Be4 50. Kc3 Bc2 51. Kb2 c5 52. Kc3 Kd5 53. h4 b5 54. h5 c4 55. h6 Bg6 56. Bh2 Ke4 57. Bg3 Ke3 58. Bh2 Kf3 59. Bg1 Kf4 60. Bh2+ Kg5 61. Bg1 Kxh6 62. Bd4 Kg5 63. Kb4 Bd3 64. Bc3 Kf4 65. a4 bxa4 66. Kxa4 Ke3 67. Ka3 Bf5 68. Kb2 Kd3 69. Bb4 Kd4 70. Bc3+ 1/2-1/2